Marketing v současné světové praxi /

Na minha lista:
Detalhes bibliográficos
Autor principal: Horáková, Iveta (Author)
Formato: Livro
Idioma:tcheco
Publicado em: Praha : Grada, 1992
Edição:1.vyd.
Assuntos:
Tags: Adicionar Tag
Sem tags, seja o primeiro a adicionar uma tag!

MARC

LEADER 00000nam a22000003a 4500
001 stu5083
005 20150617225811.6
008 940118s1992----xr------------------cze-d
020 |a 80-85424-88-6 
040 |a STU  |b slo 
041 0 |a cze 
044 |a xr 
080 |a 339.138  |7 stu_us_auth*stu8219 
080 |a 658.8 
100 1 |a Horáková, Iveta  |4 aut 
245 1 |a Marketing v současné světové praxi /  |c [aut.] Horáková,Iveta 
250 |a 1.vyd. 
260 |a Praha :  |b Grada,  |c 1992 
300 |a 365 s 
650 7 |a Management  |2 estusub 
996 |b E78695  |c R*78695  |l RRUM  |s A  |a 24  |w stu5083_0001